| 000 | 00434nam a2200181Ia 4500 | ||
|---|---|---|---|
| 003 | OSt | ||
| 005 | 20230206141244.0 | ||
| 008 | 210210b1864 xxu||||| |||| 00| 0 eng d | ||
| 040 | _cAL | ||
| 041 | _aeng | ||
| 082 | _a829/1102 | ||
| 100 |
_aTHACKERAY (W M) _970849 |
||
| 245 | _aHistory of pendennis | ||
| 260 |
_aLondon _bOxford University Press _c1864 |
||
| 690 |
_aEnglish Fiction _970850 |
||
| 906 | _a017717 | ||
| 942 |
_2ddc _cBK |
||
| 999 |
_c137701 _d137701 |
||